[Event "38th Barczay Memorial 2019"]
[Site "Zalakaros"]
[Date "2019.05.27"]
[Round "5.2"]
[White "Kantor, Gergely"]
[Black "Srinath, Rao S.V."]
[Result "1/2-1/2"]
[WhiteElo "2516"]
[BlackElo "2395"]
[Annotator "TA"]
[PlyCount "81"]
[EventDate "2019.05.23"]
[EventType "swiss"]
[EventCountry "HUN"]
[SourceTitle "playchess.com"]
[Source "ChessBase"]
[SourceQuality "1"]

{[%evp 18,81,34,28,33,23,26,27,22,20,25,34,83,77,81,66,80,78,77,60,59,15,50,50,54,47,46,35,41,40,45,45,91,91,91,91,97,97,97,64,59,56,66,62,61,18,19,15,18,13,14,14,30,14,16,14,23,0,0,0,0,0,3,3,3,3]} 1. d4 Nf6 2. c4 g6 3. g3 ({Predecessor:} 3. Nf3 Bg7 4. g3 O-O 5. Bg2 d6 {1-0 (41) Sebenik,M (2532)-Lehner,O (2407) Austria 2017}) 3... Bg7 4. Bg2 O-O 5. Nc3 d6 6. Nf3 Nc6 7. O-O e5 8. dxe5 dxe5 9. Bg5 Be6 10. Nd2 h6 $146 {E62: King's Indian: Fianchetto: 6...c6 and Panno Variation (6...Nc6) without ...a6} (10... Qc8 11. Nd5 Nd7 12. b4 Kh8 13. b5 Nd8 14. Rc1 f6 15. Be3 Nf7 16. Ne4 Re8 17. Qb3 c6 18. Rfd1 {1-0 (51) Potkin,V (2597)-Najer,E (2670) St Petersburg 2018}) 11. Bxf6 Bxf6 12. Nde4 Be7 {White has an edge.} 13. Qc1 Kg7 14. Rd1 Qc8 15. Nd5 Bxd5 16. cxd5 Nd4 17. Qc4 f5 18. Nc3 {Black must now prevent e3.} (18. Nd2 $5 {[%cal Re2e3]}) 18... f4 19. Qd3 fxg3 20. hxg3 Qg4 21. Qe4 Qxe4 22. Bxe4 Bb4 {[#] Strongly threatening ...Bxc3.} 23. Bd3 Rad8 24. Rac1 c6 25. dxc6 Nxc6 26. Ne4 Rd5 27. a3 Be7 28. Nc3 Rd7 29. Be4 Rxd1+ 30. Rxd1 {[#] Rd7 is the strong threat.} Rd8 31. Rxd8 Nxd8 $14 {[%mdl 4096] Endgame KBN-KBN} 32. Kg2 b6 33. Nb5 a5 34. Bd5 Kf6 35. Kf3 Ne6 36. e3 Nc5 37. b3 h5 {The position is equal.} 38. a4 g5 39. Nc3 g4+ 40. Ke2 Kg5 41. Ne4+ {Accuracy: White = 61%, Black = 70%.} 1/2-1/2

[Event "38th Barczay Memorial 2019"]
[Site "Zalakaros"]
[Date "2019.05.27"]
[Round "5.3"]
[White "Almasi, Istvan"]
[Black "Horvath, Adam"]
[Result "1-0"]
[WhiteElo "2407"]
[BlackElo "2531"]
[Annotator "TA"]
[PlyCount "91"]
[EventDate "2019.05.23"]
[EventType "swiss"]
[EventCountry "HUN"]
[SourceTitle "playchess.com"]
[Source "ChessBase"]
[SourceQuality "1"]

{[%evp 19,91,9,8,0,0,0,-1,0,0,-16,0,-2,-2,-2,-2,-2,-3,-4,0,-3,0,-2,0,0,24,19,20,25,50,14,62,74,81,74,66,75,68,41,75,9,6,22,61,3,5,4,2,2,2,2,5,11,10,8,8,0,77,81,81,85,29964,29964,29960,2425,29969,29970,29966,29967,29959,6678,6008,6008,29997,29998]} 1. d4 Nf6 2. Nf3 e6 3. e3 b6 4. Bd3 Bb7 5. O-O Be7 6. c4 O-O 7. Nc3 d5 8. cxd5 exd5 9. b3 Nbd7 10. Bb2 a6 11. Rc1 {E14: Queen's Indian: Classical Variation (4 e3)} (11. Ne5 Bd6 12. Ne2 Re8 13. f4 Ne4 14. Ng3 Nf8 15. Nxe4 dxe4 16. Bc4 Re7 17. Qh5 g6 18. Qh6 Bxe5 19. dxe5 b5 20. Rad1 Qe8 {1-0 (43) Nakamura,H (2780)-Topalov,V (2749) Saint Louis 2017}) 11... Bd6 12. Ne2 Re8 13. Ng3 {The position is equal.} g6 14. Qc2 Ng4 15. Rfe1 Rc8 16. Qe2 $146 ({Predecessor:} 16. e4 Bb4 17. Re2 c5 18. Qd1 cxd4 19. Rxc8 Qxc8 20. exd5 {1-0 (60) Hoang,T (2288)-Tan,Z (2460) Tabriz 2014}) 16... h5 17. Nf1 Qe7 18. Rc2 Ra8 19. Rec1 c6 20. Qd1 a5 21. Re2 f5 22. g3 Ngf6 23. Nh4 Qf7 24. Qc2 Nb8 25. f3 Ba6 26. Bxa6 Rxa6 27. Nd2 Ra7 28. Rce1 Rae7 29. a3 ({White should play} 29. e4 $16) 29... Kh7 $11 30. e4 dxe4 31. fxe4 (31. Nc4 $1 $14 Qd5 32. Nxb6) 31... Nxe4 32. Nxe4 fxe4 33. Rxe4 Rxe4 34. Rxe4 {Threatens to win with Nf3!} Rf8 $132 {[%csl Gf8][%cal Rf7f1][%mdl 2048] Black has counterplay} 35. Qe2 g5 $1 {[%cal Rg5h4]} 36. Re6 gxh4 37. Rxd6 {Strongly threatening g4.} hxg3 (37... Qf3 $1 $11 {remains equal.} 38. Qxf3 Rxf3) 38. hxg3 $16 {And now g4 would win.} Qf3 39. Qe1 {Black must now prevent d5.} Re8 $2 {[%mdl 8192]} (39... Rf7 $16) 40. Qxe8 Qxg3+ 41. Kf1 Qf3+ 42. Ke1 Qg3+ {[#]} 43. Ke2 $1 Qg4+ {[#]} 44. Kd2 $1 {Intending Qf7+ and mate.} Qf4+ {[#]} 45. Kd1 $1 {Threatening mate with Qg6+.} Qxd6 46. Qf7+ {Accuracy: White = 61%, Black = 57%.} 1-0

[Event "38th Barczay Memorial 2019"]
[Site "Zalakaros"]
[Date "2019.05.27"]
[Round "5.4"]
[White "Borhy, Marcell"]
[Black "Horvath, Jozsef"]
[Result "1/2-1/2"]
[WhiteElo "2374"]
[BlackElo "2451"]
[Annotator "TA"]
[PlyCount "176"]
[EventDate "2019.05.23"]
[EventType "swiss"]
[EventCountry "HUN"]
[SourceTitle "playchess.com"]
[Source "ChessBase"]
[SourceQuality "1"]

{[%evp 16,176,43,5,14,11,4,12,11,18,25,0,4,10,19,8,42,-10,-10,-12,-5,-16,-20,-20,-20,-23,6,8,16,6,0,-26,-22,-25,-20,-76,-76,-76,-76,-76,-76,-98,-97,-98,-98,-98,-83,-83,-83,-91,-83,-91,-91,-91,-91,-91,-83,-83,-84,-84,-83,-83,-83,-83,-81,-81,0,-83,-83,-83,-83,-83,-83,-83,-83,-83,-83,-83,-83,-83,-80,-80,-80,-80,-71,-71,-72,-72,-71,-71,-71,-71,-64,-64,-64,-64,-64,-64,-64,-64,-64,-64,-64,-64,-64,-64,-64,-64,0,-64,0,-58,-36,-36,-36,-43,-26,-26,-26,-26,-22,-36,-25,-25,-25,-26,-21,-25,-25,-26,-26,-26,-26,-26,-26,-26,-21,-43,-26,-26,-26,-26,-25,-25,-25,-25,-25,-25,-25,-25,-25,-27,-25,-25,-22,-22,-22,-22,-21,-21,-21,-21,0]} 1. d4 Nf6 2. c4 e6 3. g3 d5 4. Bg2 Bb4+ 5. Bd2 Bd6 6. Nf3 O-O 7. Qc2 Nc6 8. O-O dxc4 9. Qxc4 e5 {E04: Open Catalan: 5 Nf3} 10. d5 Ne7 11. Nc3 h6 12. Rfd1 a6 13. a4 c6 14. dxc6 {[#] Hoping for Nxe5!} Nxc6 15. Be3 Be6 {[#]} 16. Qd3 $146 (16. Qh4 $14) ({Predecessor:} 16. Qh4 Bb3 17. Rd2 {1-0 (36) Ju,W (2567)-Dzagnidze,N (2522) Riadh 2017}) 16... Bb4 $11 17. Qxd8 Rfxd8 18. Nd2 Bxc3 19. bxc3 Nd5 $36 {[%mdl 2048] Black is more active.} 20. Bxd5 Bxd5 21. Bb6 Rdc8 22. c4 Be6 23. Ne4 Nd4 24. Bxd4 Rxc4 25. Bxe5 (25. e3 $11 exd4 26. Nd6) 25... Rxe4 $17 {[%mdl 64] [#] Double Attack} 26. Bf4 Rxe2 27. Rab1 Ra2 28. Rd4 Bh3 29. Bc7 Rc8 30. Bb6 Rcc2 {And now ...Rcb2 would win.} 31. a5 Kh7 32. Rdd1 f6 33. Rbc1 Kg6 34. Rxc2 Rxc2 {[%mdl 4096] Endgame KRB-KRB} 35. f3 Rg2+ 36. Kh1 Ra2 37. Kg1 h5 38. Rc1 Bd7 39. Rc3 Ra1+ 40. Kf2 Ra2+ 41. Kg1 $1 Bc6 42. Bc7 Kf7 43. h4 Ke6 44. Re3+ Kf5 45. Rc3 Bd5 46. Rd3 Ke6 47. Re3+ Kd7 48. Bb6 Kd6 49. Kf1 g5 50. hxg5 fxg5 51. Ke1 h4 52. gxh4 gxh4 {Strongly threatening ...h3.} 53. Re2 Ra1+ 54. Kf2 h3 55. Kg3 Be6 56. Rd2+ Ke7 57. Bd8+ Kf7 58. Rb2 Kg6 59. Bc7 Rg1+ 60. Kf4 Rf1 61. Kg3 Rg1+ 62. Kf4 $1 Rf1 63. Kg3 Bd5 (63... Bc8 {with more complications.} 64. Rd2 Rg1+ 65. Kh2 Rb1 66. Kg3 Rc1) 64. Kxh3 Bxf3 65. Kg3 Bc6 66. Rf2 Rg1+ 67. Kf4 Kf6 68. Bb6 Rd1 69. Re2 Rd3 70. Re3 Rd2 71. Re1 Rd5 72. Re3 Rf5+ 73. Kg3 Rf1 74. Re2 Rf3+ 75. Kg4 Rb3 {...Bf3+ is the strong threat.} 76. Re3 Rb4+ 77. Kg3 Kf5 78. Kf2 Be4 79. Rc3 Ke5 80. Ke3 Bd5 81. Bc7+ Ke6 82. Rc5 Rh4 83. Kd2 Bc6 84. Kc3 Kd7 85. Bb6 {The position is equal.} Kd6 86. Rg5 Bd5 87. Rg6+ Be6 88. Rg7 Ke5 {Accuracy: White = 73%, Black = 70%.} 1/2-1/2

[Event "38th Barczay Memorial 2019"]
[Site "Zalakaros"]
[Date "2019.05.27"]
[Round "5.5"]
[White "Bagi, Mate"]
[Black "Tompa, Janos"]
[Result "1-0"]
[WhiteElo "2450"]
[BlackElo "2356"]
[Annotator "ChessBase"]
[PlyCount "51"]
[EventDate "2019.05.23"]
[EventType "swiss"]
[EventCountry "HUN"]
[SourceTitle "playchess.com"]
[Source "ChessBase"]
[SourceQuality "1"]
[TimeControl "40/5400+30:1800+30"]

1. e4 {[%emt 0:03:09]} c5 {[%emt 0:00:32]} 2. Nf3 {[%emt 0:00:07]} e6 {[%emt 0:00:14]} 3. d4 {[%emt 0:00:25]} cxd4 {[%emt 0:00:15]} 4. Nxd4 {[%emt 0:00:05]} Nf6 {[%emt 0:00:24]} 5. Nc3 {[%emt 0:00:18]} d6 {[%emt 0:00:07]} 6. g4 {[%emt 0:03:37]} h6 {[%emt 0:00:42]} 7. h4 {[%emt 0:01:14]} Nc6 {[%emt 0:00:34]} 8. Rg1 {[%emt 0:00:45]} d5 {[%emt 0:01:19]} 9. exd5 {[%emt 0:01:17]} Nxd5 {[%emt 0:00:13]} 10. Nxd5 {[%emt 0:01:24]} Qxd5 {[%emt 0:00:11]} 11. Bg2 {[%emt 0:02:53]} Qa5+ {[%emt 0:02:34]} 12. Bd2 {[%emt 0:09:40]} Qb6 {[%emt 0:13:45]} 13. Nxc6 {[%emt 0:01:42]} bxc6 {[%emt 0:00:07]} 14. Qf3 {[%emt 0:00:53]} Bd7 {[%emt 0:01:01]} 15. O-O-O {[%emt 0:09:43]} Bc5 {[%emt 0:01:53]} 16. Bc3 {[%emt 0:12:33]} Bxf2 {[%emt 0:04:07]} 17. Rxd7 {[%emt 0:00:44]} Qe3+ {[%emt 0:16:03]} 18. Rd2 {[%emt 0:00:29]} Qxf3 {[%emt 0:00:07]} 19. Bxf3 {[%emt 0:00:07]} Bxg1 {[%emt 0:00:19]} 20. Bxc6+ {[%emt 0:00:17]} Kf8 {[%emt 0:00:20]} 21. Bb4+ {[%emt 0:03:00]} Kg8 {[%emt 0:00:12]} 22. Bxa8 {[%emt 0:00:04]} Be3 {[%emt 0:00:09]} 23. Be4 {[%emt 0:01:08]} h5 {[%emt 0:01:29]} 24. g5 {[%emt 0:00:30]} f6 {[%emt 0:01:33]} 25. g6 {[%emt 0:02:43]} f5 {[%emt 0:03:21]} 26. Bc6 {[%emt 0:00:23]} 1-0

[Event "38th Barczay Memorial 2019"]
[Site "Zalakaros"]
[Date "2019.05.27"]
[Round "5.6"]
[White "Varga, Zoltan"]
[Black "Horak, Jiri"]
[Result "1-0"]
[WhiteElo "2457"]
[BlackElo "2226"]
[Annotator "TA"]
[PlyCount "83"]
[EventDate "2019.05.23"]
[EventType "swiss"]
[EventCountry "HUN"]
[SourceTitle "playchess.com"]
[Source "ChessBase"]
[SourceQuality "1"]

{[%evp 9,82,0,0,0,8,0,20,18,38,35,47,30,27,29,28,16,52,30,41,24,31,0,0,0,12,0,12,0,29,47,56,58,54,49,49,41,50,49,49,56,68,58,181,185,243,252,320,316,320,325,318,314,300,308,455,464,453,443,460,438,575,544,1941,1768,5261,5181,29991,29981,29994,29995,29997,29998,29998,29999,29999]} 1. e4 e5 2. Nf3 Nc6 3. Bb5 Nf6 4. d3 d6 5. c4 Be7 6. h3 {C65: Ruy Lopez: Berlin Defence (3...Nf6), unusual lines and 4 0-0 Bc5} (6. Nc3 O-O 7. h3 Nd4 8. Nxd4 exd4 9. Ne2 c6 10. Ba4 d5 11. cxd5 Qa5+ 12. Bd2 Bb4 13. Bb3 cxd5 {0-1 (45) Preotu,R (2524)-Durarbayli,V (2620) Burlingame 2018}) 6... O-O 7. Be3 Bd7 8. Nc3 {The position is equal.} Nb8 9. Bxd7 $146 ({Predecessor:} 9. Ba4 Bxa4 10. Qxa4 c6 11. O-O Nbd7 12. Rfd1 Qc7 13. Rac1 Rfe8 {½-½ (54) Wimmer,H (2225)-Thuemmler,M Bad Wiessee 1998}) 9... Nbxd7 10. Qb3 Qc8 11. d4 c6 12. O-O Qc7 13. Rfe1 a6 14. Rad1 b5 15. cxb5 axb5 16. a3 Rab8 17. Bg5 Rfe8 18. Bxf6 Bxf6 19. d5 Nc5 20. Qc2 $1 Rec8 21. dxc6 Qxc6 22. Nd5 Bd8 23. Nb4 Qb6 24. Qd2 Nb7 25. Rc1 Rc5 ({Better is} 25... Nc5 $14 26. Qd5 Be7) 26. Nd5 $18 Qa6 {[#]} (26... Qc6 $142 27. b4 Rc4 28. Rxc4 Qxc4) 27. b4 $1 {[%cal Rb4c5]} Rcc8 28. Rxc8 Rxc8 29. Rc1 Rc6 30. Rc3 g6 31. Qc2 Rxc3 (31... Rc4 {is a better defense.} 32. Rxc4 bxc4) 32. Qxc3 Kg7 33. Qc8 h6 34. h4 Bb6 {[#]} 35. h5 $1 {[%mdl 512] hxg6 is the strong threat.} Qa7 (35... gxh5 36. Nh4) 36. hxg6 Bxf2+ 37. Kh2 Be3 38. gxf7 {White mates.} Kxf7 39. Qd7+ Kg6 40. Nh4+ Kg5 41. Qf5+ Kxh4 42. g3# {Accuracy: White = 63%, Black = 37%.} 1-0

[Event "38th Barczay Memorial 2019"]
[Site "Zalakaros"]
[Date "2019.05.27"]
[Round "5.7"]
[White "Kantorik, Marian"]
[Black "Czebe, Attila"]
[Result "0-1"]
[WhiteElo "2202"]
[BlackElo "2427"]
[Annotator "TA"]
[PlyCount "76"]
[EventDate "2019.05.23"]
[EventType "swiss"]
[EventCountry "HUN"]
[SourceTitle "playchess.com"]
[Source "ChessBase"]
[SourceQuality "1"]

{[%evp 10,76,1,-8,-1,-54,-54,-54,-54,-58,-53,-61,-47,-50,-43,-65,-51,-58,-55,-59,-45,-80,-70,-93,-76,-80,-74,-89,-91,-109,-98,-91,-91,-110,-60,-84,-55,-38,-15,-43,0,0,0,0,0,0,33,0,0,0,0,-28,-29,-125,-125,-125,-125,-242,-235,-209,-110,-111,-95,-337,-318,-639,-616,-1874,-957]} 1. d4 d6 2. c4 e5 3. dxe5 dxe5 4. Qxd8+ Kxd8 5. Nc3 Be6 6. e4 Bc5 {A41: 1 d4 d6: Tartakower System and Modern Defence} (6... Nd7 7. Be3 Bb4 8. Rc1 a5 9. Nf3 f6 10. a3 Bxc3+ 11. Rxc3 c5 12. Nd2 Ne7 13. f4 Nc6 14. fxe5 fxe5 {0-1 (31) Sai Agni,J (2384)-Zubov,A (2626) Sitges 2017}) 7. Be3 $146 (7. Be2 $11) ({Predecessor:} 7. Nf3 f6 8. Na4 Bb4+ 9. Bd2 Bxd2+ 10. Nxd2 b6 11. O-O-O c5 12. Nb1+ Ke7 13. Nbc3 Nc6 14. Nd5+ Bxd5 15. cxd5 {½-½ (41) Krishna Teja,N (2276)-Sergeev,V (2443) Marianske Lazne 2017}) 7... Bxe3 $15 8. fxe3 c6 {Black is slightly better.} 9. Nf3 f6 10. O-O-O+ Kc7 11. Be2 Nh6 12. h3 a5 13. b3 Na6 14. Na4 b6 15. Kb2 Nf7 16. Rd2 Rhd8 17. Rhd1 Rxd2+ 18. Rxd2 Nd6 19. Bd3 Bf7 20. Nh4 Rd8 {aiming for ...Nxe4!} 21. Kc1 Bg6 22. Nf5 Bxf5 23. exf5 e4 24. Bb1 Nc5 25. Nxc5 bxc5 $11 {[%mdl 4096] Endgame KRB-KRN} 26. Rf2 {[#]} a4 $1 {[%mdl 512]} 27. Rf4 (27. bxa4 Nxc4) 27... a3 28. Kc2 h5 29. Kc3 Re8 30. g4 hxg4 31. hxg4 (31. Rxg4 $11 Nxf5 32. Bxe4) 31... Rh8 $1 $17 32. Bxe4 Rh3 $1 33. Bf3 (33. Bc2 $17) 33... Rh2 $1 $19 {[%cal Rh2a2]} 34. b4 Rxa2 ({Better is} 34... cxb4+ $19 35. Kxb4 Rxa2) 35. bxc5 $17 {[#]} Nb7 $1 {Threatens to win with ...Rf2.} 36. Be4 $2 (36. Kb4 $17 {was the only defense.}) 36... Nxc5 $19 37. Bc2 $2 {[#]} (37. Bd3) 37... Ra1 $1 {[%cal Ra1c1]} 38. Rf2 {If only White now had time for Kb4....} Re1 {Accuracy: White = 29%, Black = 57%.} 0-1

[Event "38th Barczay Memorial 2019"]
[Site "Zalakaros"]
[Date "2019.05.27"]
[Round "5.8"]
[White "Persanyi, Barnabas"]
[Black "Sonnberger, Thomas"]
[Result "1-0"]
[WhiteElo "2404"]
[BlackElo "2208"]
[Annotator "TA"]
[PlyCount "69"]
[EventDate "2019.05.23"]
[EventType "swiss"]
[EventCountry "HUN"]
[SourceTitle "playchess.com"]
[Source "ChessBase"]
[SourceQuality "1"]

{[%evp 9,69,53,55,47,40,37,46,21,43,38,35,43,49,28,39,39,77,91,87,67,95,109,104,93,103,93,110,91,111,91,128,138,195,120,120,120,205,91,102,102,152,142,166,164,231,205,236,241,296,306,309,228,710,685,685,685,685,284,541,535,522,521]} 1. d4 c5 2. d5 e6 3. Nc3 d6 4. e4 a6 5. a4 Nf6 (5... Be7 6. Nf3 e5 7. Be2 Nf6 8. Nd2 Nbd7 9. a5 Nf8 10. Nc4 Ng6 11. Nb6 Rb8 {1-0 (43) Feller,S (2574)-Flom,G (2501) Brest 2018}) 6. Bc4 {A43: Schmid Benoni} Be7 7. Nf3 (7. h3 {feels hotter.} O-O 8. Nf3 exd5 9. exd5 Re8 10. O-O) 7... exd5 8. Nxd5 {White is slightly better.} Nxd5 9. Bxd5 O-O $146 ({Predecessor:} 9... Nc6 10. O-O {1-0 (39) Kolosowski,M (2426)-Kaczmarek,A (2332) Poronin 2016}) 10. O-O Nc6 11. h3 Rb8 12. c3 Ne5 13. Nxe5 dxe5 14. Be3 b5 15. axb5 Rxb5 16. Qe2 Qc7 17. Bc4 Ra5 18. Rad1 Qb7 19. f3 Ra4 20. b3 Ra3 (20... Ra5 $16 {was necessary.} 21. Rd3 Qc6) 21. Rd5 ({White should try} 21. Qb2 $18 Ra5 22. Bd5) 21... Be6 $16 22. Rxe5 Bd6 (22... Bxc4 $16 23. Qxc4 Rc8) 23. Bxc5 (23. Rxe6 $18 {has better winning chances.} fxe6 24. e5 (24. Bxe6+ Kh8 $18)) 23... Bxc4 24. Qxc4 Bxe5 25. Bxa3 Rc8 26. Bc5 g6 (26... Bd6 $142) 27. b4 $18 a5 28. Rd1 ({And not} 28. bxa5 Bd6 $17) 28... Qc6 29. Rd5 Qf6 30. Qd3 Bxc3 $2 {[#]} (30... axb4 31. cxb4 h5) 31. Rd6 Qg5 32. Qxc3 axb4 33. Be3 (33. Qd4 $142) 33... bxc3 $2 (33... Qxg2+ {was called for.} 34. Kxg2 bxc3) 34. Bxg5 c2 35. Bc1 {Accuracy: White = 52%, Black = 32%.} 1-0

[Event "38th Barczay Memorial 2019"]
[Site "Zalakaros"]
[Date "2019.05.27"]
[Round "5.9"]
[White "Meszaros, Tamas"]
[Black "Suta, Andraz"]
[Result "0-1"]
[WhiteElo "2385"]
[BlackElo "2175"]
[Annotator "NA RC"]
[PlyCount "100"]
[EventDate "2019.05.23"]
[EventType "swiss"]
[EventCountry "HUN"]
[SourceTitle "playchess.com"]
[Source "ChessBase"]
[SourceQuality "1"]
[TimeControl "40/5400+30:1800+30"]

1. e4 {[%emt 0:00:15]} e5 {[%emt 0:00:07]} 2. Nf3 {[%emt 0:00:05]} Nc6 {[%emt 0:00:07]} 3. Bc4 {[%emt 0:00:25]} Bc5 {[%emt 0:00:09]} 4. O-O {[%emt 0:00:42]} Nf6 {[%emt 0:00:15]} 5. d3 {[%emt 0:00:08]} d6 {[%emt 0:00:20]} 6. a4 {[%emt 0:00:09]} a5 {[%emt 0:02:25]} 7. c3 {[%emt 0:00:26]} Ba7 {[%emt 0:01:42]} 8. Na3 {[%emt 0:11:54]} Ne7 {[%emt 0:06:36]} 9. Nc2 {[%emt 0:08:39]} O-O {[%emt 0:03:20]} 10. Ne3 {[%emt 0:05:50]} Ng6 {[%emt 0:08:40]} 11. Qc2 {[%emt 0:02:56]} c6 {[%emt 0:01:25]} 12. d4 {[%emt 0:03:02]} d5 {[%emt 0:11:57]} 13. dxe5 {[%emt 0:09:13]} dxc4 {[%emt 0:01:33]} 14. exf6 {[%emt 0:00:13]} Qxf6 {[%emt 0:00:12]} 15. Nxc4 {[%emt 0:01:05]} Bg4 {[%emt 0:00:35]} 16. Nd4 {[%emt 0:11:11]} b5 {[%emt 0:17:08]} 17. axb5 {[%emt 0:07:20]} cxb5 {[%emt 0:06:17]} 18. Ne3 {[%emt 0:06:39]} Bd7 {[%emt 0:03:21]} 19. Rxa5 {[%emt 0:02:41]} b4 {[%emt 0:01:30]} 20. Rd1 {[%emt 0:07:30]} Ne5 {[%emt 0:07:44]} 21. Nd5 {[%emt 0:03:53]} Qd8 {[%emt 0:04:16]} 22. cxb4 {[%emt 0:01:00]} Rc8 {[%emt 0:00:19]} 23. Qb1 {[%emt 0:05:23]} Bxd4 {[%emt 0:01:10]} 24. Rxd4 {[%emt 0:00:37]} Nc6 {[%emt 0:00:15]} 25. Rd1 {[%emt 0:01:41]} Nxa5 {[%emt 0:05:05]} 26. bxa5 {[%emt 0:00:04]} Ba4 {[%emt 0:00:57]} 27. b3 {[%emt 0:03:47]} Rb8 {[%emt 0:00:07]} 28. Bb2 {[%emt 0:06:27]} Rxb3 {[%emt 0:02:10]} 29. Qa1 {[%emt 0:00:31]} Rxb2 {[%emt 0:05:45]} 30. Qxa4 {[%emt 0:00:03]} Qb8 {[%emt 0:03:45]} 31. Nb6 {[%emt 0:01:10]} Rd8 {[%emt 0:02:11]} 32. Rf1 {[%emt 0:00:27]} Qa7 {[%emt 0:02:12]} 33. Nd5 {[%emt 0:00:19]} Rdb8 {[%emt 0:00:34]} 34. Qa1 {[%emt 0:00:43]} Re2 {[%emt 0:00:46]} 35. Qe5 {[%emt 0:00:27]} Rxf2 {[%emt 0:00:37]} 36. Qxb8+ {[%emt 0:00:29]} Qxb8 {[%emt 0:00:01]} 37. Kxf2 {[%emt 0:00:31]} Qa7+ {[%emt 0:00:18]} 38. Kg3 {[%emt 0:00:28]} Qxa5 {[%emt 0:00:13]} 39. Rf4 {[%emt 0:00:35]} Qe1+ {[%emt 0:02:21]} 40. Kh3 {[%emt 0:00:00]} g6 {[%emt 0:00:00]} 41. Nf6+ {[%emt 0:06:27]} Kg7 {[%emt 0:00:31]} 42. Ne8+ {[%emt 0:02:42]} Kf8 {[%emt 0:00:17]} 43. Nd6 {[%emt 0:04:46]} f6 {[%emt 0:04:50]} 44. Rxf6+ {[%emt 0:04:40]} Ke7 {[%emt 0:00:16]} 45. Rf7+ {[%emt 0:00:18]} Kxd6 {[%emt 0:00:06]} 46. Rxh7 {[%emt 0:00:02]} Qxe4 {[%emt 0:00:08]} 47. Rh4 {[%emt 0:01:14]} Qd3+ {[%emt 0:00:20]} 48. Kg4 {[%emt 0:02:10]} Ke5 {[%emt 0:02:27]} 49. Rh8 {[%emt 0:02:11]} Qf5+ {[%emt 0:01:52]} 50. Kg3 {[%emt 0:00:04]} g5 {[%emt 0:01:06]} 0-1

[Event "38th Barczay Memorial 2019"]
[Site "Zalakaros"]
[Date "2019.05.27"]
[Round "5.10"]
[White "Dobai, Szabolcs"]
[Black "Videki, Sandor"]
[Result "0-1"]
[WhiteElo "2192"]
[BlackElo "2383"]
[Annotator "NA RC"]
[PlyCount "66"]
[EventDate "2019.05.23"]
[EventType "swiss"]
[EventCountry "HUN"]
[SourceTitle "playchess.com"]
[Source "ChessBase"]
[SourceQuality "1"]
[TimeControl "40/5400+30:1800+30"]

1. c4 {[%emt 0:02:58]} e5 {[%emt 0:00:06]} 2. g3 {[%emt 0:00:05]} Nf6 {[%emt 0:00:09]} 3. Bg2 {[%emt 0:00:06]} c6 {[%emt 0:00:10]} 4. Nf3 {[%emt 0:00:20]} d6 {[%emt 0:06:17]} 5. Nc3 {[%emt 0:01:08]} Nbd7 {[%emt 0:00:24]} 6. O-O {[%emt 0:01:28]} Be7 {[%emt 0:12:06]} 7. d3 {[%emt 0:02:49]} O-O {[%emt 0:04:22]} 8. Rb1 {[%emt 0:02:43]} a5 {[%emt 0:02:41]} 9. a3 {[%emt 0:01:30]} d5 {[%emt 0:04:42]} 10. cxd5 {[%emt 0:10:12]} cxd5 {[%emt 0:01:05]} 11. d4 {[%emt 0:00:24]} e4 {[%emt 0:00:45]} 12. Nh4 {[%emt 0:04:31]} Nb6 {[%emt 0:02:20]} 13. f3 {[%emt 0:04:05]} exf3 {[%emt 0:01:53]} 14. Bxf3 {[%emt 0:04:33]} Bh3 {[%emt 0:06:18]} 15. Re1 {[%emt 0:09:56]} Rc8 {[%emt 0:11:08]} 16. Qd3 {[%emt 0:03:53]} Qd7 {[%emt 0:04:29]} 17. Bf4 {[%emt 0:19:37]} h6 {[%emt 0:06:43]} 18. Bg2 {[%emt 0:04:34]} g5 {[%emt 0:07:16]} 19. Bxh3 {[%emt 0:02:46]} Qxh3 {[%emt 0:00:23]} 20. Nf5 {[%emt 0:02:08]} Rfe8 {[%emt 0:00:23]} 21. Bd2 {[%emt 0:06:31]} Ng4 {[%emt 0:00:47]} 22. Qf3 {[%emt 0:00:33]} Qxh2+ {[%emt 0:06:43]} 23. Kf1 {[%emt 0:00:04]} Qh3+ {[%emt 0:03:48]} 24. Kg1 {[%emt 0:01:17]} Bf8 {[%emt 0:06:47]} 25. Qh1 {[%emt 0:05:55]} Qxh1+ {[%emt 0:00:50]} 26. Kxh1 {[%emt 0:00:04]} Nc4 {[%emt 0:01:48]} 27. Bc1 {[%emt 0:00:05]} Nxa3 {[%emt 0:00:56]} 28. bxa3 {[%emt 0:00:31]} Rxc3 {[%emt 0:00:07]} 29. Bd2 {[%emt 0:01:50]} Rxa3 {[%emt 0:02:41]} 30. Rxb7 {[%emt 0:00:06]} Ra2 {[%emt 0:00:24]} 31. Bc3 {[%emt 0:00:05]} Nf2+ {[%emt 0:01:54]} 32. Kg1 {[%emt 0:00:06]} Ne4 {[%emt 0:00:17]} 33. Rc7 {[%emt 0:02:17]} Nxc3 {[%emt 0:00:24]} 0-1